| 000 | 04198cam a2200589 i 4500 | ||
|---|---|---|---|
| 001 | 22226211 | ||
| 003 | NUST | ||
| 005 | 20240306153142.0 | ||
| 008 | 210908t20202020gw ach b 000 0beng d | ||
| 010 | _a 2021379532 | ||
| 020 | _a9783956795350 | ||
| 035 | _a(OCoLC)on1140669903 | ||
| 038 | _aMalang Jan | ||
| 040 |
_aYDX _beng _cYDX _erda _dBDX _dOCLCQ _dERASA _dOHX _dJPG _dOCLCO _dOCLCF _dSTF _dFNE _dDLC |
||
| 042 | _alccopycat | ||
| 043 | _ae-gx--- | ||
| 050 | 0 | 0 |
_aNA1088.W26 _bW54 2020 |
| 082 | 0 | 4 |
_a724.6 _bWIG |
| 100 | 1 |
_aWigley, Mark, _eauthor. _9120823 |
|
| 245 | 1 | 0 |
_aKonrad Wachsmann's television : _bpost-architectural transmissions / _cMark Wigley ; Nikolaus Hirsch & Markus Miessen (eds.). |
| 246 | 3 | 0 | _aPost-architectural transmissions |
| 264 | 1 |
_aBerlin : _bSternberg Press, _c[2020] |
|
| 264 | 4 | _c©2020 | |
| 300 |
_a397 pages : _billustrations (some color), facsimiles, portraits ; _c15 cm |
||
| 336 |
_atext _btxt _2rdacontent |
||
| 336 |
_astill image _bsti _2rdacontent |
||
| 337 |
_aunmediated _bn _2rdamedia |
||
| 338 |
_avolume _bnc _2rdacarrier |
||
| 490 | 1 |
_aCritical spatial practice ; _v11 |
|
| 504 | _aIncludes bibliographical references. | ||
| 505 | 0 | 0 |
_gAcknowledgments -- _gPrologue -- _tGleaming Screens -- _tExtreme Horizontals -- _tExtra-Human Hospitality -- _tArchitecture Machines -- _tTwisted Circuits -- _tBlackboard Forestry -- _tSignature Lure -- _tElectronic Tables -- _tBuilding Television -- _tTelevisual Politics -- _tPrime-Time Building -- _tProgramming Dissent -- _gEpilogue. |
| 520 | 8 | _aIn this provocative intellectual biography, architectural historian Mark Wigley makes the surprising claim that the thinking behind modernist architect Konrad Wachsmann?s legendary projects was dominated by the idea of television. While architecture is typically embarrassed by television, preferring to act as if it never happened, Wachsmann fully embraced it. Investigating the archives of one of the most influential designers of the twentieth century, Wigley scrutinizes Wachsmann?s design, research, and teaching, closely reading a succession of unseen drawings, models, photographs, correspondence, publications, syllabi, reports, and manuscripts to argue that Wachsmann is an anti-architect?a student of some of the most influential designers of the 1920s that dedicated thirty-five post?Second World War years to the disappearance of architecture.00Wachsmann turned architecture against itself. His hypnotic projects for a new kind of space were organized around the thought that television liberates a different way of living together. Wachsmann dissolved buildings into pulsating mirages that were a huge influence on the experimental avant-gardes of the 1960s and 1970s. But Konrad Wachsmann?s Television: Post-architectural Transmissions demonstrates that this work was even more extreme than the experiments it inspired. The book offers a forensic analysis of a career to show that Wachsmann developed one of the most compelling manifestos of what architecture would need to become in the age of ubiquitous electronics. | |
| 600 | 1 | 0 |
_aWachsmann, Konrad, _d1901-1980. _9121936 |
| 600 | 1 | 7 |
_aWachsmann, Konrad, _d1901-1980. _2fast _0(OCoLC)fst00198183 _9121936 |
| 648 | 7 |
_a1900-1999 _2fast _925422 |
|
| 650 | 0 |
_aArchitects _zGermany _vBiography. _9121937 |
|
| 650 | 0 |
_aArchitecture _zGermany _xHistory _y20th century. _9121938 |
|
| 650 | 0 |
_aArchitecture and technology _zGermany _xHistory _y20th century. _9121939 |
|
| 650 | 7 |
_aArchitects. _2fast _0(OCoLC)fst00813114 |
|
| 650 | 7 |
_aArchitecture. _2fast _0(OCoLC)fst00813346 |
|
| 650 | 7 |
_aArchitecture and technology. _2fast _0(OCoLC)fst00813591 |
|
| 651 | 7 |
_aGermany. _2fast _0(OCoLC)fst01210272 |
|
| 655 | 7 |
_aBiographies. _2fast _0(OCoLC)fst01919896 _933106 |
|
| 655 | 7 |
_aHistory. _2fast _0(OCoLC)fst01411628 _913777 |
|
| 700 | 1 |
_aHirsch, Nikolaus, _eeditor. _9121940 |
|
| 700 | 1 |
_aMiessen, Markus, _eeditor. _9121941 |
|
| 700 | 1 | 2 |
_aWachsmann, Konrad, _d1901-1980. _tWorks. _kSelections. _9121942 |
| 830 | 0 |
_aCritical spatial practice ; _v11. _9121943 |
|
| 906 |
_a7 _bcbc _ccopycat _d2 _encip _f20 _gy-gencatlg |
||
| 942 |
_2ddc _cBK |
||
| 999 |
_c608585 _d608585 |
||